000
00242nam a2200097Ia 4500
005
20251222114412.0
008
251222s1900||||xx |||||||||||||| ||spa||
082
_a
DVD0070/S79/2005
245
0
_a
Solsticio de invierno:Winter solstice
942
_c
DVD
999
_c
2074
_d
2074